Welche Stadt mit B? - Statistiken

Allgemein
  • Dieses Quiz wurde 93 mal gespielt
  • Das Durchschnittsergebnis liegt bei 21 aus 30
Antwortstatistiken
Hinweis Stadt % Korrekt
deutsche Bundeshauptstadt Berlin
100%
diese Stadt wurde 1960 gegründet, um als neue Hauptstadt Brasiliens zu fungieren Brasilia
99%
Hauptsitz der EU Brüssel
99%
ehemalige deutsche Hauptstadt Bonn
98%
diese Stadt existiert nicht Bielefeld
97%
das Camp Nou (größtes Fußballstadion Europas) befindet sich hier Barcelona
94%
vier Tiere sind hier die Stadtmusikanten Bremen
94%
hier bekommt man originale Bolognese Bologna
91%
bedeutende englische Stadt der industriellen Revolution Birmingham
89%
Hauptstadt, die an Österreich grenzt Bratislava
88%
Hauptstadt vom Libanon Beirut
85%
in dieser Hauptstadt an der Donau findet man zahlreiche Thermal- und Heilbäder Budapest
85%
zweitgrößte Stadt Norwegens; die größte Stadt auf der Insel Rügen hat den selben Namen Bergen
82%
Hauptstadt des Landes, in dem am meisten Kokain produziert wird Bogotá
81%
beliebtestes Reiseziel in Südostasien; Kulturelle sowie futuristisch geprägte Hauptstadt Bangkok
78%
die Stadt des Tangos Buenos Aires
77%
berühmte Weinbaustadt, nach welcher auch ein Farbton benannt wurde Bordeaux
74%
die Titanic wurde hier erbaut Belfast
64%
der Stadtteil Wattenscheid besitzt ein eigenes KFZ-Kennzeichen Bochum
64%
1773 wurden hier als Widerstand gegen die Kolonialpolitik über 300 Teekisten versenkt Boston
63%
Hauptstadt von Queensland Brisbane
63%
vom Pfänder aus blickt man über diese Stadt auf den Bodensee Bregenz
53%
mehrere Märchen aus Tausendundeiner Nacht spielten in dieser Stadt Bagdad
50%
hier mündet die Save in die Donau Belgrad
50%
mit über 13 Millionen Einwohnern ist sie die viertgrößte Stadt Indiens Bangalore
49%
der Parlamentspalast in dieser Stadt ist das teuerste Verwaltungsgebäude der Welt Bukarest
33%
von der Altstadt erreicht man über die Nydeggbrücke den BärenPark Bern
32%
Stadt der Museen, welche auch ein führendes Zentrum der Pharmaindustrie ist Basel
22%
alljährlich kann man sich am Gelände des Ashton Court Anwesens die Balloon Fiesta ansehen Bristol
16%
ein fast 100 jahre altes Wohnhaus moderner Architektur steht in dieser Stadt (Villa Tugendhat) Brünn
8%
Keine übereinstimmenden Quizze gefunden
Verteilung der Resultate
Anzahl Personen mit jedem Resultat
Perzentil nach korrekt beantworteten Fragen
Ihre Resultats-Entwicklung
Sie haben dieses Quiz noch nicht gespielt